Adultos mayores : ciudadanos y actores sociales /
Guardado en:
| Autor Principal: | |
|---|---|
| Otros Autores: | |
| Formato: | Libro |
| Idioma: | Spanish |
| Publicado: |
Ciudad Autónoma de Buenos Aires :
La Ley, Departamento de publicaciones UBA,
2013.
|
| Edición: | 1a. ed. |
| Series: | Colección Facultad de Derecho - Derecho Privado y Derecho de Familia
|
| Materias: | |
| Etiquetas: |
Agregar Etiqueta
Sin Etiquetas, Sea el primero en etiquetar este registro!
|
| LEADER | 00817nam a22002175a 4500 | ||
|---|---|---|---|
| 001 | DER.der012569 | ||
| 008 | 180615s2013####ag#||||||||||||||#||spa|| | ||
| 005 | 20231227135228.0 | ||
| 245 | 1 | 0 | |a Adultos mayores : |b ciudadanos y actores sociales / |c Olga Edda Ciancia, Hilda Eleonora Vallet. |
| 250 | |a 1a. ed. | ||
| 260 | |a Ciudad Autónoma de Buenos Aires : |b La Ley, Departamento de publicaciones UBA, |c 2013. | ||
| 300 | |a 182 p. | ||
| 020 | |a 9789870325123 | ||
| 100 | 1 | |a Ciancia, Olga Edda. | |
| 700 | 1 | |a Vallet, Hilda Eleonora. | |
| 830 | 0 | |a Colección Facultad de Derecho - Derecho Privado y Derecho de Familia | |
| 650 | 7 | |a ADULTOS MAYORES | |
| 650 | 7 | |a DERECHO DE LA ANCIANIDAD | |
| 650 | 7 | |a MEDIACION EN LOS DERECHOS DE ADULTOS MAYORES | |
| 650 | 7 | |a ADULTOS MAYORES Y SALUD | |
| 859 | |a DERECHO |b BIB. DERECHO |h 362.6 |i CIA |p 007407 | ||
